Fathers and Children

Gespeichert in:
Bibliographische Detailangaben
1. Verfasser: IVAN TURGENEV
Format: Buch
Sprache:Undetermined
Veröffentlicht: London Everyman's Library 1991
Schlagworte:
Tags: Tag hinzufügen
Keine Tags, Fügen Sie den ersten Tag hinzu!
Thư viện lưu trữ: Trung tâm Học liệu Trường Đại học Cần Thơ
LEADER 00470nam a2200169Ia 4500
001 CTU_47272
008 210402s9999 xx 000 0 und d
082 |a 891.733 
082 |b T936/1991 
100 |a IVAN TURGENEV 
245 0 |a Fathers and Children 
245 0 |c IVAN TURGENEV, Avril Pyman 
260 |a London 
260 |b Everyman's Library 
260 |c 1991 
650 |a russian fiction - 19th century 
980 |a Trung tâm Học liệu Trường Đại học Cần Thơ